000 00726nam a2200265Ia 4500
005 20260121172731.0
008 008 260114s9999 xx 000 0 eng d
020 _a9783030790189
037 _aEBOOK
040 _aCRL
040 _beng
040 _cCRL
041 _2eng
041 _aeng
084 _qCRL
100 _aJames Greenhalgh
_91092071
245 0 _aInjurious Vistas: The Control of Outdoor Advertising, Governance and the Shaping of Urban Experience in Britain, 1817–1962
260 _bSpringer
260 _bSpringer
260 _c2021
856 _uhttps://link.springer.com/openurl?genre=book&isbn=978-3-030-79018-9
942 _cEBOOK
999 _c1657811
_d1657811